<?xml version="1.0" encoding="UTF-8"?>
<collection xmlns="http://www.loc.gov/MARC21/slim">
 <record>
  <leader>03088cam a2200577 c 4500</leader>
  <controlfield tag="001">1092546618</controlfield>
  <controlfield tag="003">DE-627</controlfield>
  <controlfield tag="005">20250628130603.0</controlfield>
  <controlfield tag="007">tu</controlfield>
  <controlfield tag="008">901211s1977    xx ||||| r    00| ||fre c</controlfield>
  <datafield tag="035" ind1=" " ind2=" ">
   <subfield code="a">(DE-627)1092546618</subfield>
  </datafield>
  <datafield tag="035" ind1=" " ind2=" ">
   <subfield code="a">(DE-576)022546618</subfield>
  </datafield>
  <datafield tag="035" ind1=" " ind2=" ">
   <subfield code="a">(DE-599)BSZ022546618</subfield>
  </datafield>
  <datafield tag="035" ind1=" " ind2=" ">
   <subfield code="a">(DE-604)8063816865</subfield>
  </datafield>
  <datafield tag="040" ind1=" " ind2=" ">
   <subfield code="a">DE-627</subfield>
   <subfield code="b">ger</subfield>
   <subfield code="c">DE-627</subfield>
   <subfield code="e">rakwb</subfield>
  </datafield>
  <datafield tag="041" ind1=" " ind2=" ">
   <subfield code="a">fre</subfield>
  </datafield>
  <datafield tag="084" ind1=" " ind2=" ">
   <subfield code="a">ND 6500</subfield>
   <subfield code="2">rvk</subfield>
   <subfield code="0">(DE-625)rvk/125100:</subfield>
  </datafield>
  <datafield tag="084" ind1=" " ind2=" ">
   <subfield code="a">15.13</subfield>
   <subfield code="2">bkl</subfield>
  </datafield>
  <datafield tag="100" ind1="1" ind2=" ">
   <subfield code="8">1\p</subfield>
   <subfield code="a">Weiller, Raymond</subfield>
   <subfield code="d">1938-</subfield>
   <subfield code="0">(DE-588)1211702219</subfield>
   <subfield code="0">(DE-627)1700350501</subfield>
   <subfield code="4">aut</subfield>
  </datafield>
  <datafield tag="245" ind1="1" ind2="4">
   <subfield code="a">Les monnaies luxembourgeoises</subfield>
   <subfield code="c">par Raymond Weiller</subfield>
  </datafield>
  <datafield tag="264" ind1=" " ind2="1">
   <subfield code="a">Louvain-la-Neuve</subfield>
   <subfield code="b">Inst. sup. d'archéologie et d'histoire de l'art</subfield>
   <subfield code="c">1977</subfield>
  </datafield>
  <datafield tag="300" ind1=" " ind2=" ">
   <subfield code="a">311 S.</subfield>
   <subfield code="b">Ill.</subfield>
  </datafield>
  <datafield tag="336" ind1=" " ind2=" ">
   <subfield code="a">Text</subfield>
   <subfield code="b">txt</subfield>
   <subfield code="2">rdacontent</subfield>
  </datafield>
  <datafield tag="337" ind1=" " ind2=" ">
   <subfield code="a">ohne Hilfsmittel zu benutzen</subfield>
   <subfield code="b">n</subfield>
   <subfield code="2">rdamedia</subfield>
  </datafield>
  <datafield tag="338" ind1=" " ind2=" ">
   <subfield code="a">Band</subfield>
   <subfield code="b">nc</subfield>
   <subfield code="2">rdacarrier</subfield>
  </datafield>
  <datafield tag="490" ind1="1" ind2=" ">
   <subfield code="a">Numismatica Lovaniensia</subfield>
   <subfield code="v">2</subfield>
  </datafield>
  <datafield tag="490" ind1="1" ind2=" ">
   <subfield code="a">Publications d'histoire de l'art et d'archéologie de l'Université Catholique de Louvain</subfield>
   <subfield code="v">9</subfield>
  </datafield>
  <datafield tag="583" ind1="1" ind2=" ">
   <subfield code="a">Archivierung prüfen</subfield>
   <subfield code="c">20200919</subfield>
   <subfield code="f">DE-640</subfield>
   <subfield code="z">3</subfield>
   <subfield code="2">pdager</subfield>
  </datafield>
  <datafield tag="655" ind1=" " ind2="7">
   <subfield code="a">Verzeichnis</subfield>
   <subfield code="0">(DE-588)4188171-0</subfield>
   <subfield code="0">(DE-627)105266639</subfield>
   <subfield code="0">(DE-576)210051078</subfield>
   <subfield code="2">gnd-content</subfield>
  </datafield>
  <datafield tag="689" ind1="0" ind2="0">
   <subfield code="d">g</subfield>
   <subfield code="0">(DE-588)4036728-9</subfield>
   <subfield code="0">(DE-627)104589639</subfield>
   <subfield code="0">(DE-576)209020091</subfield>
   <subfield code="a">Luxemburg</subfield>
   <subfield code="2">gnd</subfield>
  </datafield>
  <datafield tag="689" ind1="0" ind2="1">
   <subfield code="d">s</subfield>
   <subfield code="0">(DE-588)4019889-3</subfield>
   <subfield code="0">(DE-627)106320009</subfield>
   <subfield code="0">(DE-576)208931082</subfield>
   <subfield code="a">Geld</subfield>
   <subfield code="2">gnd</subfield>
  </datafield>
  <datafield tag="689" ind1="0" ind2="2">
   <subfield code="a">z</subfield>
   <subfield code="2">gnd</subfield>
   <subfield code="a">Geschichte</subfield>
  </datafield>
  <datafield tag="689" ind1="0" ind2=" ">
   <subfield code="5">(DE-627)</subfield>
  </datafield>
  <datafield tag="689" ind1="1" ind2="0">
   <subfield code="d">g</subfield>
   <subfield code="0">(DE-588)4036728-9</subfield>
   <subfield code="0">(DE-627)104589639</subfield>
   <subfield code="0">(DE-576)209020091</subfield>
   <subfield code="a">Luxemburg</subfield>
   <subfield code="2">gnd</subfield>
  </datafield>
  <datafield tag="689" ind1="1" ind2="1">
   <subfield code="d">s</subfield>
   <subfield code="0">(DE-588)4040629-5</subfield>
   <subfield code="0">(DE-627)106222198</subfield>
   <subfield code="0">(DE-576)209041498</subfield>
   <subfield code="a">Münze</subfield>
   <subfield code="2">gnd</subfield>
  </datafield>
  <datafield tag="689" ind1="1" ind2=" ">
   <subfield code="5">(DE-627)</subfield>
  </datafield>
  <datafield tag="787" ind1="0" ind2="8">
   <subfield code="i">Rezensiert in</subfield>
   <subfield code="a">Binsfeld, Wolfgang, 1928 - 2011</subfield>
   <subfield code="t">[Rezension von: Weiller, Raymond, Catalogue des folles romains (Dynastie Constantienne) - Raymond Weiller, La circulation monétaire et les trouvailles numismatiques du moyen Age et des temps modernes au pays de Luxembourg - Raymond Weiller, Les Monnaies luxembourgeoises]</subfield>
   <subfield code="d">1977</subfield>
   <subfield code="w">(DE-627)1908452277</subfield>
  </datafield>
  <datafield tag="810" ind1="2" ind2=" ">
   <subfield code="a">Université catholique de Louvain</subfield>
   <subfield code="t">Publications d'histoire de l'art et d'archéologie de l'Université Catholique de Louvain</subfield>
   <subfield code="v">9</subfield>
   <subfield code="9">9</subfield>
   <subfield code="w">(DE-627)167234668</subfield>
   <subfield code="w">(DE-576)015586219</subfield>
   <subfield code="w">(DE-600)432846-2</subfield>
   <subfield code="7">am</subfield>
  </datafield>
  <datafield tag="830" ind1=" " ind2="0">
   <subfield code="a">Numismatica Lovaniensia</subfield>
   <subfield code="v">2</subfield>
   <subfield code="9">2</subfield>
   <subfield code="w">(DE-627)538636645</subfield>
   <subfield code="w">(DE-576)008939020</subfield>
   <subfield code="w">(DE-600)2380311-3</subfield>
   <subfield code="7">am</subfield>
  </datafield>
  <datafield tag="883" ind1=" " ind2=" ">
   <subfield code="8">1\p</subfield>
   <subfield code="a">cgwrk</subfield>
   <subfield code="d">20241001</subfield>
   <subfield code="q">DE-101</subfield>
   <subfield code="u">https://d-nb.info/provenance/plan#cgwrk</subfield>
  </datafield>
  <datafield tag="889" ind1=" " ind2=" ">
   <subfield code="w">(DE-576)485498170</subfield>
  </datafield>
  <datafield tag="936" ind1="r" ind2="v">
   <subfield code="a">ND 6500</subfield>
   <subfield code="b">Numismatik ausländischer Staaten</subfield>
   <subfield code="k">Geschichte</subfield>
   <subfield code="k">Historische Hilfswissenschaften</subfield>
   <subfield code="k">Numismatik (Münz- und Geldgeschichte)</subfield>
   <subfield code="k">Numismatik des Mittelalters und der Neuzeit</subfield>
   <subfield code="k">Numismatik ausländischer Staaten</subfield>
   <subfield code="0">(DE-627)1271448122</subfield>
   <subfield code="0">(DE-625)rvk/125100:</subfield>
   <subfield code="0">(DE-576)201448122</subfield>
  </datafield>
  <datafield tag="936" ind1="b" ind2="k">
   <subfield code="a">15.13</subfield>
   <subfield code="j">Numismatik</subfield>
   <subfield code="j">Sphragistik</subfield>
   <subfield code="q">coli-conc RVK-&gt;BK</subfield>
   <subfield code="q">https://coli-conc.gbv.de/api/mappings/4b6bd404-0784-4f31-8e56-3f03c7149123</subfield>
   <subfield code="0">(DE-627)106404598</subfield>
  </datafield>
  <datafield tag="951" ind1=" " ind2=" ">
   <subfield code="a">BO</subfield>
  </datafield>
  <datafield tag="990" ind1=" " ind2=" ">
   <subfield code="a">Luxemburg</subfield>
  </datafield>
  <datafield tag="990" ind1=" " ind2=" ">
   <subfield code="a">Geld</subfield>
  </datafield>
  <datafield tag="990" ind1=" " ind2=" ">
   <subfield code="a">Geschichte</subfield>
  </datafield>
  <datafield tag="990" ind1=" " ind2=" ">
   <subfield code="a">Luxemburg</subfield>
  </datafield>
  <datafield tag="990" ind1=" " ind2=" ">
   <subfield code="a">Münze</subfield>
  </datafield>
  <datafield tag="991" ind1=" " ind2=" ">
   <subfield code="a">Rezensiertes Werk</subfield>
  </datafield>
  <datafield tag="999" ind1=" " ind2=" ">
   <subfield code="a">KXP-PPN1092546618</subfield>
   <subfield code="e">4794671407</subfield>
  </datafield>
 </record>
</collection>
